মুঘল-বাংলার শিক্ষা ব্যবস্থা, (১৫৭৬-১৮৫৮ খ্রি.) = The Education System of Mughal Bengal (1576-1858 A. D. ) / (Record no. 75673)
[ view plain ]
| 000 -LEADER | |
|---|---|
| fixed length control field | 01813ntm a2200265 4500 |
| 001 - CONTROL NUMBER | |
| control field | 75673 |
| 003 - CONTROL NUMBER IDENTIFIER | |
| rucl marc code | BD-RjUL |
| 005 - DATE AND TIME OF LATEST TRANSACTION | |
| control field | 20211209082727.0 |
| 008 - FIXED-LENGTH DATA ELEMENTS--GENERAL INFORMATION | |
| fixed length control field | 190514s2016 bg ||||| |mb| 00| 0 ben d |
| 035 ## - SYSTEM CONTROL NUMBER | |
| System control number | (BD-RjUL)75891 |
| 040 ## - CATALOGING SOURCE | |
| Original cataloging agency | BD-RjUL |
| Language of cataloging | ben/eng |
| Transcribing agency | BD-RjUL |
| Modifying agency | BD-RjUL |
| 041 ## - LANGUAGE CODE | |
| Language code of text/sound track or separate title | ben |
| 082 ## - DEWEY DECIMAL CLASSIFICATION NUMBER | |
| Edition number | 23 |
| Classification number | 370.954 |
| Author mark and year | UDM 2016 |
| 100 1# - MAIN ENTRY--PERSONAL NAME | |
| Personal name | উদ্দীন, মো. শরিফ |
| 9 (RLIN) | 231710 |
| 245 ## - TITLE STATEMENT | |
| Title | মুঘল-বাংলার শিক্ষা ব্যবস্থা, (১৫৭৬-১৮৫৮ খ্রি.) = The Education System of Mughal Bengal (1576-1858 A. D. ) / |
| Statement of responsibility, etc. | মো. শরিফ উদ্দীন ; |
| Linkage | গবেষণা তত্ত্বাবধায়ক : এ. কে. এম. ইয়াকুব আলী |
| 246 ## - VARYING FORM OF TITLE | |
| Title proper/short title | The Education System of Mughal Bengal (1576-1858 A. D. ) |
| 260 ## - PUBLICATION, DISTRIBUTION, ETC. (IMPRINT) | |
| Place of publication, distribution, etc. | রাজশাহী : |
| Name of publisher, distributor, etc. | ইসলামের ইতিহাস ও সংস্কৃতি বিভাগ, রাজশাহী বিশ্ববিদ্যালয়, |
| Date of publication, distribution, etc. | ২০১৬ |
| 300 ## - PHYSICAL DESCRIPTION | |
| Pagination | vii, ২৯১ পাতা : |
| Illustrations | চিত্র ; |
| Size | ২৯ সেমি. |
| 502 ## - DISSERTATION NOTE | |
| Dissertation note | থিসিস (পিএইচ. ডি.) -- ইসলামের ইতিহাস ও সংস্কৃতি বিভাগ, রাজশাহী বিশ্ববিদ্যালয়, ২০১৬ |
| 504 ## - BIBLIOGRAPHY, ETC. NOTE | |
| Bibliography, etc | গ্রন্থপঞ্জি: পাতা ২৫৬-২৭৮ |
| 650 ## - SUBJECT ADDED ENTRY--TOPICAL TERM | |
| Topical term or geographic name as entry element | শিক্ষা |
| Form subdivision | ইতিহাস |
| Geographic subdivision | ভারত |
| -- | বাংলা |
| Chronological subdivision | ১৫৭৬-১৮৫৮ খ্রিষ্টাব্দ |
| 9 (RLIN) | 231711 |
| Topical term or geographic name as entry element | Education |
| Form subdivision | History. |
| Geographic subdivision | India |
| -- | Bengal |
| Chronological subdivision | 1576-1858 A. D. |
| 9 (RLIN) | 231712 |
| 700 ## - ADDED ENTRY--PERSONAL NAME | |
| Personal name | আলী, এ. কে. এম. ইয়াকুব, গবেষণা তত্ত্বাবধায়ক |
| 942 ## - ADDED ENTRY ELEMENTS (KOHA) | |
| Source of classification or shelving scheme | Dewey Decimal Classification |
| Koha item type | Theses |
| Lost status | Source of classification or shelving scheme | Damaged status | Not for loan | Collection code | Permanent Location | Current Location | Shelving location | Date acquired | Source of acquisition | Total Checkouts | Full call number | Date last seen | Copy number | Koha item type |
|---|---|---|---|---|---|---|---|---|---|---|---|---|---|---|
| Dewey Decimal Classification | Not For Loan | Theses | Central Library, University of Rajshahi | Central Library, University of Rajshahi | Documentation Section | 01/04/2017 | Controller of Examination Office, R. U. | BTHE 370.954 UDM 2016 | 14/05/2019 | C-1 | Theses |